000 00280nam a22001337a 4500
003 SGT
082 _a615
_bIPC
100 _aIPC
245 _aINDIAN PHARMACOPOEIA 2026
260 _aGHAZIABAD INDIA
_bIPC
_c2026
300 _a1413
650 _aPHARMACOPOEIA
942 _2ddc
_cBK
999 _c34440
_d34440